000 00296nam a22001337a 4500
008 180921b xxu||||| |||| 00| 0 eng d
020 _a0060412658
041 _aeng
080 _a510
100 _a37
101 _aMAT
245 _aMathematics Modern Mangement
_cSherman.CH
942 _2udc
_cBK
999 _c48168
_d48168